Reward : Elementary
में बचाया:
| स्वरूप: | पुस्तक |
|---|---|
| भाषा: | Undetermined |
| प्रकाशित: |
Oxford
Macmillan
2000
|
| विषय: | |
| टैग : |
टैग जोड़ें
कोई टैग नहीं, इस रिकॉर्ड को टैग करने वाले पहले व्यक्ति बनें!
|
| Thư viện lưu trữ: | Trung tâm Học liệu Trường Đại học Cần Thơ |
|---|
| LEADER | 00595nam a2200217Ia 4500 | ||
|---|---|---|---|
| 001 | CTU_137263 | ||
| 008 | 210402s9999 xx 000 0 und d | ||
| 020 | |c 83500 | ||
| 082 | |a 428.0071 | ||
| 082 | |b R454e/CD.1 | ||
| 245 | 0 | |a Reward : | |
| 245 | 0 | |b Elementary | |
| 245 | 0 | |c Simon Greenall | |
| 260 | |a Oxford | ||
| 260 | |b Macmillan | ||
| 260 | |c 2000 | ||
| 650 | |a English language | ||
| 650 | |x Textbook for foreign speakers | ||
| 904 | |i Trọng Hải | ||
| 910 | |i Mai chuyển số PL từ 428.24 sang 428.0071/R454 | ||
| 980 | |a Trung tâm Học liệu Trường Đại học Cần Thơ | ||